<?xml version="1.0" encoding="UTF-8"?><?xml-stylesheet type="text/xsl" href="static/style.xsl"?><OAI-PMH xmlns="http://www.openarchives.org/OAI/2.0/" xmlns:xsi="http://www.w3.org/2001/XMLSchema-instance" xsi:schemaLocation="http://www.openarchives.org/OAI/2.0/ http://www.openarchives.org/OAI/2.0/OAI-PMH.xsd"><responseDate>2026-04-13T02:40:03Z</responseDate><request verb="GetRecord" identifier="oai:www.recercat.cat:10256/7816" metadataPrefix="marc">https://recercat.cat/oai/request</request><GetRecord><record><header><identifier>oai:recercat.cat:10256/7816</identifier><datestamp>2024-06-18T11:10:50Z</datestamp><setSpec>com_2072_452955</setSpec><setSpec>com_2072_2054</setSpec><setSpec>col_2072_452964</setSpec></header><metadata><record xmlns="http://www.loc.gov/MARC21/slim" xmlns:dcterms="http://purl.org/dc/terms/" xmlns:xsi="http://www.w3.org/2001/XMLSchema-instance" xmlns:doc="http://www.lyncode.com/xoai" xsi:schemaLocation="http://www.loc.gov/MARC21/slim http://www.loc.gov/standards/marcxml/schema/MARC21slim.xsd">
   <leader>00925njm 22002777a 4500</leader>
   <datafield ind2=" " ind1=" " tag="042">
      <subfield code="a">dc</subfield>
   </datafield>
   <datafield ind2=" " ind1=" " tag="720">
      <subfield code="a">Jover i Avellà, Gabriel</subfield>
      <subfield code="e">author</subfield>
   </datafield>
   <datafield ind2=" " ind1=" " tag="720">
      <subfield code="a">Manera, Carles</subfield>
      <subfield code="e">author</subfield>
   </datafield>
   <datafield ind2=" " ind1=" " tag="260">
      <subfield code="c">2009</subfield>
   </datafield>
   <datafield ind2=" " ind1=" " tag="520">
      <subfield code="a">This paper proposes a detailed measurement of the agricultural development of the island of Majorca from the late sixteenth century to the midnineteenth century, with an emphasis on the products which made up the bulk of the island’s agricultural production. The authors have organized most of the existing databases in the island’s archives and have also incorporated quantitative and qualitative material from their own research and that of other colleagues. Due to their quality and regularity, the data are among the richest known for pre-industrial Europe. These sources lead to some conclusions which link with recent debates in European economic history concerning the calculation of economic growth in economies for periods before statistics were kept. The text presents a methodological analysis covering almost 80 per cent of agricultural production of the island of Majorca and leaves conclusions to be supplemented by further studies of the manufacturing and service sectors</subfield>
   </datafield>
   <datafield ind1="8" ind2=" " tag="024">
      <subfield code="a">http://hdl.handle.net/10256/7816</subfield>
   </datafield>
   <datafield tag="653" ind2=" " ind1=" ">
      <subfield code="a">Agricultura -- Aspectes econòmics -- Illes Balears -- Mallorca -- 1590-1860</subfield>
   </datafield>
   <datafield tag="653" ind2=" " ind1=" ">
      <subfield code="a">Agriculture -- Economic aspects -- Balearic Islands -- Mallorca -- 1590-1860</subfield>
   </datafield>
   <datafield tag="653" ind2=" " ind1=" ">
      <subfield code="a">Agricultura -- Productivitat -- Illes Balears -- Mallorca -- 1590-1860</subfield>
   </datafield>
   <datafield tag="653" ind2=" " ind1=" ">
      <subfield code="a">Agricultural productivity -- Balearic Islands -- Mallorca -- 1590-1860</subfield>
   </datafield>
   <datafield ind2="0" ind1="0" tag="245">
      <subfield code="a">Producción y Productividad Agrícolas en la Isla de Mallorca, 1590-1860</subfield>
   </datafield>
</record></metadata></record></GetRecord></OAI-PMH>